000 01825nas a2200493 i 4500
001 196120
003 ES-MaACL
005 20250815051158.0
006 m g d |
007 cr*|||||||||||
008 240813c20059999sp br ps 0 b0spa
010 _an
_b0
022 0 _a2444-4421
_2_u
035 _a(OCoLC)1201144568
035 _a(SpMaBN)a5671834
035 _a991052316539708606
040 _aSpMaBN
_bspa
_cSpMaBN
_erdc
_dES-MaACL
080 _a347.961.8(460.27 M.)
080 _a347.961(460)
130 3 _aEl notario del siglo XXI (Internet)
_9238357
210 0 _aNotario siglo XXI
_bInternet
222 3 _aEl Notario del siglo XXI
_bInternet
245 1 3 _aEl Notario del siglo XXI :
_brevista bimestral del Colegio Notarial de Madrid
246 1 0 _aNotario del siglo veintiuno
260 _aMadrid :
_bColegio Notarial de Madrid,
_c2005-
310 _aBimestral
336 _aTexto (visual)
_2isbdcontent
337 _aelectrónico
_2isbdmedia
338 _2rdacarrier
_avolumen
362 0 _aN. 1 (mayo-jun. 2005)-
500 _aÚltima consulta, 13 de agosto de 2024
530 _aDisponible en formato impreso
594 _aTítulo tomado de la pantalla principal de búsqueda (consultado el 13 de agosto de 2024)
610 2 7 _aColegio Notarial de Madrid
_2embne
_9158090
650 7 _aNotariado-
_9145428
_zEspaña
655 0 _aPáginas Web
_2tgfbne
_9226719
655 0 _aRevistas electrónicas
_9226718
710 2 _aColegio Notarial de Madrid
_9158090
776 1 _iVersión impresa
_tNotario del siglo XXI =
_xISSN 1885-009X
_0196118
_w196118
856 4 0 _uhttp://www.elnotario.es/
_yAcceso electrónico
942 _2udc
_n0
_cREV_E
955 _bPilar Fernández Vera
999 _c196120
_d196120